Uncharted 4: A Thief's End Chapters - Statistics

General Stats
  • This quiz has been taken 211 times
  • The average score is 9 of 24
Answer Stats
Number Chapter % Correct
22 A Thief’s End
64%
End Epilogue
59%
Start Prologue
54%
4 A Normal Life
46%
16 The Brothers Drake
43%
13 Marooned
42%
10 The Twelve Towers
42%
7 Lights Out
41%
18 New Devon
40%
12 At Sea
38%
5 Hector Alcazar
37%
2 Infernal Place
37%
6 Once A Thief...
35%
1 The Lure Of Adventure
33%
3 The Malaysia Job
33%
17 For Better Or Worse
30%
11 Hidden In Plain Sight
30%
8 The Grave Of Henry Avery
30%
21 Brother’s Keeper
29%
19 Avery’s Descent
27%
14 Join Me In Paradise
26%
20 No Escape
23%
15 The Thieves Of Libertalia
23%
9 Those Who Prove Worthy
20%
No matching quizzes found
Score Distribution
Percent of People with Each Score
Percentile by Number Answered
Your Score History
You have not taken this quiz